• 首页
  • 本馆介绍
  • 公告通知
  • 最新文献
  • 馆藏检索
  • 电子资源
  • 读者导购
  • 参考咨询
  • 我的图书馆
  • 登录
  • 详细信息显示
  • 放入我的书架
  • 预约/预借图书
  • 作者相关作品
  • 分类相关作品
  • 丛书相关作品
  • 出版社相关作品

书目信息

  • 表格格式
  • 工作单格式
  • 卡片格式
题名:
固体物理学的量和单位
    
 
作者: 王以铭 编
分册:  
出版信息: 北京   计量出版社  1983.11
页数: 23页
开本: 20cm
丛书名: 量和单位丛书
单 册:
中图分类: TB9
科图分类:
主题词: 计量学
电子资源:
ISBN:
000 00584nam0 2200217 45
001 0312221749
005 20051228154828.87
010    @dCNY0.15
091    @a15210.282
100    @a20031222d1983 km y0chiy0120 ea
101    @achi
200 1  @a固体物理学的量和单位@AGu Ti Wu Li Xue De Liang He Dan Wei@f王以铭编@FWang Yi Ming Bian
210    @a北京@c计量出版社@d1983.11
215    @a23页@d20cm
225 2  @a量和单位丛书@h15
410  0 @12001 @a量和单位丛书
606 0  @a计量学
690    @aTB9@v3
701 0  @a王以铭@4编
801    @aCN@bTSTCL@c20051228
905    @a213230@dTB9@e40
    
    固体物理学的量和单位/王以铭编.-北京:计量出版社,1983.11
    23页;20cm.-(量和单位丛书.15)
    
    
    ISBN :CNY0.15
    
●
相关链接 在E读中查询图书 在五车中查询图书 在当当中查询图书 在豆瓣中查询图书


正题名:固体物理学的量和单位     索取号:TB9/40         预约/预借

序号 登录号 条形码 馆藏地/架位号 状态 备注
1 0101462   202181664   密集书库/ [索取号:TB9/40] 在馆    
2 0101463   202181414   密集书库/ [索取号:TB9/40] 在馆    
3 0101464   202181904   密集书库/ [索取号:TB9/40] 在馆    
唐山师范学院图书馆 欢迎您!
大连网信软件有限公司© 版权所有